| 000 | 01967cam a2200361 i 4500 | ||
|---|---|---|---|
| 005 | 20250329170351.0 | ||
| 007 | ta | ||
| 008 | 090612s2008 ck a gr 000 0 spa | ||
| 015 | _ack-2009-xxxx | ||
| 020 | _a978-958-44-4739-5 | ||
| 040 |
_aCO-CtgCURN _cspa _ccoctgcurn _beng _erda |
||
| 082 | 0 | 4 |
_a291.36 _a255.4861 _bG984 _221 |
| 100 | 1 |
_aGutiérrez S., Édgar J., _eauthor. _4aut |
|
| 245 | 1 | 0 |
_aFiesta de la candelaria en Cartagena de Indias : _bcreer, poder y gozar / _cÉdgar J. Gutiérrez S. |
| 250 | _aPrimera edición. | ||
| 260 | 1 |
_aCartagena de Indias: : _bUniversidad de Cartagena,, _c2008. |
|
| 300 |
_a229 paginas : _bilustraciones blanco y negro ; _c22 cm. |
||
| 336 |
_atext _btxt _2rdacontent |
||
| 337 |
_aunmediated _bn _2rdamedia |
||
| 338 |
_avolume _bnc _2rdacarrier |
||
| 504 | _aBibliografía: p. 219-229. | ||
| 505 | 0 | _aCap. I. de la idoloclastia o de la religiosidad negada: Virgen de la Candelaria y colonización de imaginarios en Cartagena de Indias -- Cap. II. De las fiestas y construcción y del santuario a la imagen borrosa o difusa de la virgen de la candelaria del siglo XIX -- Cap. III. Lo festivo-religioso de la Candelaria en el siglo XX: controversia entre tradición y modernidad. Regreso de los agustinos. | |
| 520 | 8 | _a"Tiene la intención de dar cuenta de la otra historia memoria no oficial, ni confesional, aspirando a explorar la voz de los que no han tenido el espacio ni los medios para ser escuchados." | |
| 600 | 1 | 4 |
_aVirgen de la Candelaria _xCulto _zCartagena. |
| 650 | 1 | 4 |
_aFestividades religiosas _xHistoria _zCartagena. |
| 650 | 1 | 4 |
_aFestividades religiosas _xAspectos sociales _zCartagena _ySiglo XIX-XX. |
| 650 | 1 | 4 |
_aConventos _zCartagena _ySiglo XIX. |
| 650 | 1 | 4 |
_aSecularización _zCartagena _ySiglo XX. |
| 650 | 1 | 4 |
_aAgustinos _zCartagena _ySiglo XX. |
| 650 | 2 | 4 | _aAgustinos en Colombia. |
| 942 |
_aCTG _bCTG _aCTG _2ddc _h291.36 _iG984 |
||
| 999 |
_c6760 _d6760 |
||